Представление документа в формате MARC21

Поле Инд. ПП Название Значение
Тип записи a
Библиографический уровень b
001 Контрольный номер RU/IS/BASE/235049341
005 Дата корректировки 20200522191126.2
040 b Код языка каталог. rus
e Правила каталог. PSBO
041 0_ a Код языка текста rus
084 a Индекс другой классификации/Индекс ББК 83.3(2=411.2)6
100 1_ a Автор Накано Ю.
245 10 a Заглавие Абрам Терц и "рукописность": создание литературного амплуа в творчестве А. Синявского
504 a Библиография Библиогр. - Примеч.: с. 93 - 94
600 a Персоналии Синявский Андрей Донатович
650 a Основная рубрика история литературы
a Основная рубрика литературоведение
a Основная рубрика филологические науки
653 a Ключевые слова литературные герои
a Ключевые слова письма
a Ключевые слова Россия
a Ключевые слова чистое искусство
773 0_ t Заглавие источника Вестник Московского университета. Серия 9, Филология
d Дата издания источника 2007
g Прочая информация № 1. - С. 88 - 94
w Контрольный № источника RU/IS/BASE/229700507
901 t Тип документа b